The great transition: using the seven disciplines of enterprise engineering to align people, technology and strategy (Record no. 8624)
[ view plain ]
| 000 -LEADER | |
|---|---|
| fixed length control field | 00613 a2200157 4500 |
| 020 ## - INTERNATIONAL STANDARD BOOK NUMBER | |
| International Standard Book Number | 0814403158 |
| 040 ## - CATALOGING SOURCE | |
| Original cataloging agency | DLC |
| Language of cataloging | DLC |
| 082 00 - DEWEY DECIMAL CLASSIFICATION NUMBER | |
| Classification number | 658.4/063 |
| 100 1# - MAIN ENTRY--PERSONAL NAME | |
| Personal name | Martin, James, |
| 245 14 - TITLE STATEMENT | |
| Title | The great transition: using the seven disciplines of enterprise engineering to align people, technology and strategy |
| Remainder of title | using the seven disciplines of enterprise engineering to align people, technology and strategy |
| Statement of responsibility, etc. | James Martin. |
| 260 ## - PUBLICATION, DISTRIBUTION, ETC. | |
| Place of publication, distribution, etc. | New York : |
| Name of publisher, distributor, etc. | AMACOM, |
| Date of publication, distribution, etc. | c1995. |
| 300 ## - PHYSICAL DESCRIPTION | |
| Extent | xiv, 503 p. : |
| Other physical details | ill. ; |
| Dimensions | 26 cm. |
| 650 #0 - SUBJECT ADDED ENTRY--TOPICAL TERM | |
| Topical term or geographic name entry element | Reengineering (Management) |
| 650 #0 - SUBJECT ADDED ENTRY--TOPICAL TERM | |
| Topical term or geographic name entry element | Strategic planning. |
| 942 ## - ADDED ENTRY ELEMENTS (KOHA) | |
| Koha item type | Book |
| Call number prefix | 658.4063 MAR |
| Source of classification or shelving scheme | |
| Withdrawn status | Lost status | Damaged status | Not for loan | Collection code | Permanent Location | Current Location | Shelving location | Date acquired | Source of acquisition | Cost, normal purchase price | Total Checkouts | Full call number | Barcode | Date last seen | Price effective from | Koha item type |
|---|---|---|---|---|---|---|---|---|---|---|---|---|---|---|---|---|
| Central Library (CL) | Central Library (CL) | General Stacks | 06/15/2009 | Donation | 0.00 | 658.4063 MAR | SEECS009542 | 11/14/2012 | 01/05/2017 | Book |
